000 00855nam a22002177a 4500
001 EIF-IV-1999-M5-021
003 OSt
005 20221109083608.0
008 221109b |||||||| |||| 00| 0 eng d
040 _aFundación Jesús Pereda
_cFundación Jesús Pereda
041 _aCastellano
100 _uUniversidad Complutense
_aRoca Vidal, José Manuel
_9345
111 _aEncuentro de Investigadores del Franquismo
_c(Valencia.
_d1999.
_n4º)
_996
245 _aFuentes de legitimidad del régimen franquista
_c/José Manuel Roca Vidal
650 0 _9179
_aPropaganda
650 0 _9161
_aMedios de comunicación
650 0 _9205
_aReglamentos
773 _tActas del IV Encuentro de Investigadores del Franquismo
_g696-698 p.
856 _uhttps://bibliotecaccoocyl.fundacionjesuspereda.es/cgi-bin/koha/opac-retrieve-file.pl?id=db2b57c223bc7f20b1d853ee4630f755
942 _2ddc
_cCF
_n0
999 _c219
_d219